First City to Reach 10k by U.S. State - Statistics

General Stats
  • This quiz has been taken 894 times
  • The average score is 35 of 50
Answer Stats
State Year Answer % Correct
New York 1737 New York
100%
Massachusetts 1722 Boston
99%
Pennsylvania 1731 Philadelphia
98%
Louisiana 1810 New Orleans
96%
District of Columbia 1820 Washington
95%
Maryland 1790 Baltimore
93%
Illinois 1850 Chicago
93%
California 1849 San Francisco
92%
Maine 1830 Portland
91%
Oregon 1880 Portland
91%
Michigan 1850 Detroit
90%
Rhode Island 1810 Providence
90%
Tennessee 1850 Nashville
89%
Utah 1870 Salt Lake City
89%
South Carolina 1770 Charleston
88%
Indiana 1860 New Albany/Indianapolis
88%
Virginia 1820 Richmond
88%
Missouri 1840 Saint Louis
88%
Ohio 1830 Cincinnati
86%
Colorado 1880 Denver/Leadville
84%
Kentucky 1830 Louisville
84%
Wisconsin 1850 Milwaukee
84%
Minnesota 1860 Saint Paul
83%
New Jersey 1830 Newark
82%
Nebraska 1870 Omaha
80%
Washington 1890 Seattle/Tacoma
80%
Arkansas 1870 Little Rock
79%
Georgia 1840 Savannah
79%
Texas 1870 Galveston/San Antonio
78%
Oklahoma 1900 Oklahoma City
74%
Idaho 1910 Boise
72%
Alabama 1840 Mobile
71%
New Mexico 1910 Albuquerque
68%
Connecticut 1830 New Haven
68%
Wyoming 1890 Cheyenne
67%
Delaware 1850 Wilmington
67%
North Carolina 1870 Wilmington
67%
Vermont 1870 Burlington
61%
Arizona 1910 Tucson
59%
Montana 1890 Helena
58%
New Hampshire 1850 Manchester
58%
North Dakota 1910 Fargo
57%
West Virginia 1850 Wheeling
35%
Iowa 1860 Dubuque
25%
Alaska 1900 Nome
22%
Mississippi 1870 Vicksburg
19%
Florida 1890 Key West
13%
South Dakota 1880 Deadwood
7%
Nevada 1870 Virginia City
7%
Kansas 1870 Leavenworth
6%
No matching quizzes found
Score Distribution
Percent of People with Each Score
Percentile by Number Answered
Your Score History
You have not taken this quiz